| 000 | 01148nam a2200373 b 4500 | ||
|---|---|---|---|
| 001 | 0020313 | ||
| 003 | DO-SdBNP | ||
| 005 | 20171122112509.0 | ||
| 007 | 0020313 | ||
| 008 | 050617s2008 mx | ||| ||spa | ||
| 016 | 7 |
_a _2BPMSU |
|
| 017 |
_a _b |
||
| 020 | _a9789708120821 | ||
| 035 | _a | ||
| 040 |
_aBPMSU _bspa _cBPMSU _e |
||
| 080 | 0 | _a | |
| 082 | 4 |
_aU861.44 _bB462i |
|
| 100 | 1 |
_aBenedetti, Mario _d1920-2009 |
|
| 240 | 1 | 0 |
_a _k |
| 245 | 1 | 0 |
_aInventario / _h _b _cMario Benedetti |
| 246 |
_aInventario 1 : _bpoesía completa 1950-1985 / |
||
| 246 |
_aInventario 2 _bpoesía completa 198619911 |
||
| 250 | _areimpresión | ||
| 260 |
_aMéxico : _bSantillana Ediciones Generales, _c2008 |
||
| 300 |
_av. _bil. ; _c22 cm |
||
| 490 | 1 |
_aPunto de lectura _v 11/12 |
|
| 505 |
_gv.1 Inventario 1 : poesía completa (1950-1985) -- v.2 Inventario 2 : poesía completa (1986-1991). _g |
||
| 650 |
_aPOESÍA URUGUAYA _v |
||
| 650 | _aLITERATURA URUGUAYA | ||
| 830 | 0 |
_aPunto de lectura _v11/12 |
|
| 942 |
_2ddc _cBK |
||
| 945 | _aIvnentariado extranjero / 2017 VM | ||
| 956 |
_a VMATEO _b10 _c20160712 _dBPMSU _f00069 |
||
| 999 |
_c10823 _d10823 |
||